000
00292nam a22001337a 4500
008
181002b xxu||||| |||| 00| 0 eng d
020
_a
0803681534
041
_a
eng
080
_a
611
100
_a
6
101
_a
ANA
245
_a
Essentials of Gross Anatomy
_c
Stern,J.T
942
_2
udc
_c
BK
999
_c
48784
_d
48784